[Event "BEL-chT 2122"]
[Site "Belgium"]
[Date "2022.01.30"]
[Round "6.7"]
[White "Peeren, Yen"]
[Black "Iboud, Samir"]
[Result "1-0"]
[WhiteElo "2152"]
[BlackElo "1810"]
[PlyCount "31"]
[EventDate "2021.10.24"]
[EventType "team-tourn"]
[EventRounds "11"]
[EventCountry "BEL"]
[SourceTitle "EXT 2023"]
[Source "ChessBase"]
[SourceDate "2022.10.05"]
[SourceVersion "1"]
[SourceVersionDate "2022.10.05"]
[SourceQuality "1"]
[WhiteTeam "Oostende"]
[BlackTeam "Montigny Fontaine"]
[WhiteTeamCountry "BEL"]
[BlackTeamCountry "BEL"]

1. d4 Nf6 2. Nc3 c5 3. dxc5 Na6 4. e4 Nxc5 5. e5 Ng8 6. Nf3 g6 7. Bc4 f5 8. 0-0 e6 9. b4 Ne4 10. Nxe4 fxe4 11. Ng5 Bg7 12. Bf4 Nh6 13. Nxe4 Nf7 14. Nd6+ Kf8 15. Qf3 Qe7 16. Bg5 1-0